[Event "Unterfranken-ch HA 60th"]
[Site "Obernau"]
[Date "2009.04.15"]
[Round "5"]
[White "Meyer, Marco"]
[Black "Klein, Alexander"]
[Result "1-0"]
[WhiteElo "1743"]
[BlackElo "1398"]
[PlyCount "55"]
[EventDate "2009.04.13"]
[EventType "swiss"]
[EventRounds "9"]
[EventCountry "GER"]
[SourceTitle "EXT 2015"]
[Source "ChessBase"]
[SourceDate "2014.11.20"]
[SourceVersion "1"]
[SourceVersionDate "2014.11.20"]
[SourceQuality "1"]

1. e4 e5 2. Nc3 Nf6 3. f4 d6 4. Nf3 Bg4 5. Bc4 Nbd7 6. h3 Bh5 7. g4 Nxg4 8. hxg4 Bxg4 9. d3 exf4 10. Bxf4 Qf6 11. Nd5 Qd8 12. Nc3 Qf6 13. Nd5 Qd8 14. Rg1 h5 15. Bg5 f6 16. Bd2 Ne5 17. Rxg4 hxg4 18. Ng1 Nf3+ 19. Kf1 Rh1 20. Be3 f5 21. Qe2 Kd7 22. Nf4 Qh4 23. Be6+ Kd8 24. Bxf5 Nh2+ 25. Kg2 Be7 26. Kxh1 Nf1+ 27. Kg2 Ng3 28. Qxg4 1-0

[Event "Unterfranken-ch HA 60th"]
[Site "Obernau"]
[Date "2009.04.14"]
[Round "3"]
[White "Neuburger, Eduard"]
[Black "Klein, Alexander"]
[Result "1/2-1/2"]
[WhiteElo "1562"]
[BlackElo "1398"]
[PlyCount "106"]
[EventDate "2009.04.13"]
[EventType "swiss"]
[EventRounds "9"]
[EventCountry "GER"]
[SourceTitle "EXT 2015"]
[Source "ChessBase"]
[SourceDate "2014.11.20"]
[SourceVersion "1"]
[SourceVersionDate "2014.11.20"]
[SourceQuality "1"]

1. d4 d6 2. Bf4 Nf6 3. e3 Bf5 4. Nf3 a6 5. a4 Nbd7 6. h3 c5 7. Bd3 Be4 8. Bxe4 Nxe4 9. Nbd2 Ndf6 10. c3 cxd4 11. exd4 Qb6 12. Qb3 Qxb3 13. Nxb3 h6 14. 0-0 g5 15. Be3 Nd5 16. Rfe1 Bg7 17. Nbd2 Nxd2 18. Bxd2 f5 19. Re2 Bf6 20. Rae1 Kd7 21. a5 Rag8 22. Nh2 h5 23. f3 Nf4 24. Bxf4 gxf4 25. Nf1 Rg7 26. Rc1 Rhg8 27. Nd2 d5 28. Nb3 Rg6 29. Nc5+ Kc6 30. Rcc2 Bh4 31. Nd3 Rg3 32. Kh1 R3g5 33. Nxf4 Bg3 34. Ne6 R5g6 35. Nc5 Bd6 36. b4 Bxc5 37. dxc5 e6 38. Re5 Rf6 39. Rce2 Rgg6 40. Kg1 h4 41. Kf1 Kb5 42. Ke1 Kc4 43. Kd2 Rg7 44. Kc2 Rfg6 45. Kd2 Rxg2 46. Rxe6 Rxe2+ 47. Rxe2 Rg3 48. Ke3 Rxh3 49. Kf4 Rg3 50. Rh2 Kxc3 51. b5 axb5 52. Rxh4 Rg7 53. Ke5 d4 1/2-1/2